Cp/M-86 (Record no. 46433)

MARC details
000 -LEADER
fixed length control field 01176nam a2200325Ia 4500
001 - CONTROL NUMBER
control field 88436
003 - CONTROL NUMBER IDENTIFIER
control field IT-RoPAU
008 - FIXED-LENGTH DATA ELEMENTS--GENERAL INFORMATION
fixed length control field 130308s9999 xx 000 0 und d
040 ## - CATALOGING SOURCE
Original cataloging agency IT-RoPAU
040 ## - CATALOGING SOURCE
Transcribing agency IT-RoPAU
041 ## - LANGUAGE CODE
Language code of text/sound track or separate title ITALIANO
999 ## - SYSTEM CONTROL NUMBERS (KOHA)
Koha Dewey Subclass [OBSOLETE] SI
100 ## - MAIN ENTRY--PERSONAL NAME
Personal name Dahmke Mark
100 ## - MAIN ENTRY--PERSONAL NAME
Miscellaneous information Codice Aut. SPICS: 31576
240 ## - UNIFORM TITLE
Uniform title BYTE guide to CP/M-86 (THE)
240 ## - UNIFORM TITLE
Miscellaneous information Codice Tit. Orig. Spics: T2079
245 ## - TITLE STATEMENT
Title Cp/M-86
245 ## - TITLE STATEMENT
Remainder of title Enciclopedia di Informatica-03-Cp/M-86 - Unix
250 ## - EDITION STATEMENT
Edition statement 1a ed.
260 ## - PUBLICATION, DISTRIBUTION, ETC. (IMPRINT)
Place of publication, distribution, etc. MILANO
260 ## - PUBLICATION, DISTRIBUTION, ETC. (IMPRINT)
Name of publisher, distributor, etc. Etas Libri
260 ## - PUBLICATION, DISTRIBUTION, ETC. (IMPRINT)
Date of publication, distribution, etc. 1987 [1° Ed.:1987 - Ed.Ling.Originale:1987]
300 ## - PHYSICAL DESCRIPTION
Extent "199 p. (prefazione: no ; testo: 199 [pagine: 25-223])"
500 ## - GENERAL NOTE
General note Natura del Cp/M 86 Comandi Residenti Comandi Transitori e Utilities Strumenti del Programmatore Il Bdos e Il Modo in Cui Usarlo Il Bios Sistema Fondamentale di Ingresso/Uscita Come Personalizzare Il Bios Guida rapida al Cp/M 86 Glossario Listato di My Dir Funzioni di I/O di carattere del Disco Messaggi di Errore di Cp/M 86
650 ## - SUBJECT ADDED ENTRY--TOPICAL TERM
Topical term or geographic name as entry element ENCICLOPEDIE DI INFORMATICA
650 ## - SUBJECT ADDED ENTRY--TOPICAL TERM
Relator term Codice materia Spics: 4201
942 ## - ADDED ENTRY ELEMENTS (KOHA)
Koha item type LIBRO
957 ## -
-- 1
999 ## - SYSTEM CONTROL NUMBERS (KOHA)
-- 1
Holdings
Withdrawn status Lost status Damaged status Not for loan Home library Current library Date acquired Total Checkouts Full call number Date last seen Price effective from Koha item type Public note
    Buone Condizioni Not For Loan SPICS-MEDIATECA SPICS-MEDIATECA 08/03/2013   88436 08/03/2013 08/03/2013 LIBRO Progressivo inserimento: 18812 / N. Volumi: 0 [=Contributo] Copie: 1 Copia Rara: SI / data import: 1 marzo 2013 - By Epidotti, Trombetti, Vaglietti.
CREDITS: SOCIETA' SAN PAOLO Via A.Severo, 58 - ROMA (RM) & PERIODICI SAN PAOLO SRL Via Giotto, 36 MILANO & CISF Via Giotto, 36 MILANO & EDIZIONI SAN PAOLO SRL,  Piazza Soncino, 5 CINISELLO BALSAMO (MI) -- ITALY